000 01003nam a22002534a 4500
005 20080903163048.0
008 080128s2008 ii abf b 001 0 eng
010 _aENG-92578
020 _c140.00
035 _aEN-76111
037 _bDBAD / PUB
040 _adpl
_bEnglish
082 _a300.92
100 _aManoharan,P.
245 _aSocial and political philosophy of Sri S. Gurumurthy:
_cby P. Mahoharan
_bview of materialism /
260 _aUlunthurpettai
_bTamilventhan Pathipagam
_c2008
270 _a81C. Munusamy Nagar, East Kandasamypuram,
_bUlunthurpettai
_e606107
300 _a130p.
_c20cm (pbk)
500 _aIncludes bibliographical references
600 _aGurumurthy, S.
_xSocial and political views.
650 _aSocial science
_xPhilosophy.
942 _2ddc
_cEN
_mMAN
_h300.92
999 _c21142
_d21142